| 000 | 00682cam a2200205 4500 | ||
|---|---|---|---|
| 001 | WB3606-26 | ||
| 008 | 000000n2000 000 0 eng u | ||
| 035 | _a(Sirsi) u104120 | ||
| 245 | _aContractual rights for third parties | ||
| 260 | _c2000 | ||
| 490 |
_aEstate Agency News _v(153) February 2000, 7(1) |
||
| 520 | _aLooks at the impact of the Contracts (Rights of Third Parties) Act 1999 on agents involved with residential lettings. | ||
| 590 | _aWB | ||
| 650 | _aCONTRACTS (RIGHTS OF THIRD PARTIES) ACT 1999 | ||
| 650 | _aRESIDENTIAL LETTING | ||
| 650 | _aMANAGING AGENTS | ||
| 650 |
_aLANDLORD AND TENANT _96252 |
||
| 690 |
_aPROPERTY MANAGEMENT _96262 |
||
| 942 | _n0 | ||
| 999 |
_c62495 _d62495 |
||